Project feasibility analysis: A guide to profitable new ventures (Record no. 31248)

MARC details
000 -LEADER
fixed length control field 00343nam a2200121Ia 4500
082 ## - DEWEY DECIMAL CLASSIFICATION NUMBER
Classification number 658.5
Item number CLI
100 ## - MAIN ENTRY--AUTHOR NAME
Personal name Clifton, David S
245 #0 - TITLE STATEMENT
Title Project feasibility analysis: A guide to profitable new ventures
260 ## - PUBLICATION, DISTRIBUTION, ETC. (IMPRINT)
Place of publication New York
Name of publisher John Wiley
Year of publication 1977
700 ## - ADDED ENTRY--PERSONAL NAME
Personal name Fyffe, David E
942 ## - ADDED ENTRY ELEMENTS (KOHA)
Koha item type Books
Holdings
Withdrawn status Lost status Damaged status Not for loan Home library Current library Date acquired Cost, normal purchase price Full call number Accession Number Koha item type
        RRII Library RRII Library 16/12/2021 18.95 658.5 CLI 11798 Books